<?xml version="1.0" encoding="UTF-8"?>
<marc:record xmlns:marc="http://www.loc.gov/MARC21/slim">
   <marc:leader>00000nam a2200000 a 4500</marc:leader>
   <marc:datafield ind1="1" ind2=" " tag="100">
      <marc:subfield code="a">Dewdney, Anna</marc:subfield>
      <marc:subfield code="4">aut</marc:subfield>
      <marc:subfield code="e">Verfasser/-in</marc:subfield>
   </marc:datafield>
   <marc:datafield ind1="0" ind2="0" tag="245">
      <marc:subfield code="a">Lama Lama Weihnachtsdrama</marc:subfield>
   </marc:datafield>
   <marc:datafield ind1="0" ind2="0" tag="245">
      <marc:subfield code="c">Anna Dewdney</marc:subfield>
   </marc:datafield>
   <marc:datafield ind1=" " ind2="1" tag="264">
      <marc:subfield code="a">Hamburg</marc:subfield>
      <marc:subfield code="b">ROWOHLT Taschenbuch</marc:subfield>
      <marc:subfield code="c">2019</marc:subfield>
   </marc:datafield>
   <marc:datafield ind1="1" ind2=" " tag="490">
      <marc:subfield code="a">Lama</marc:subfield>
   </marc:datafield>
   <marc:datafield ind1="1" ind2=" " tag="520">
      <marc:subfield code="a">Angaben aus der Verlagsmeldung

Lama Lama Weihnachtsdrama Llama Llama Holiday Drama Dewdney, Lama Lama Weihnachtsdrama / von Anna Dewdney

Das kleine Lama hält das Warten kaum noch aus. Wie viele Tage sind es denn nun noch bis Weihnachten? Wie oft noch schlafen? Wann bekommt man Geschenke? Glücklicherweise gibt es viel zu tun: Kekse backen, Geschenke basteln, Weihnachtseinkäufe erledigen ... Trotzdem: Irgendwann wird das Warten einfach ZU VIEL! Gut, dass Mama Lama weiß, worauf es an Weihnachten wirklich ankommt. Zusammen sein nämlich, und das ist gar nicht aufregend. Das ist einfach nur ... SCHÖN!
</marc:subfield>
   </marc:datafield>
   <marc:datafield ind1=" " ind2=" " tag="020">
      <marc:subfield code="a">9783499000812</marc:subfield>
      <marc:subfield code="9">9783499000812</marc:subfield>
   </marc:datafield>
   <marc:datafield ind1=" " ind2=" " tag="020">
      <marc:subfield code="a">3499000814</marc:subfield>
      <marc:subfield code="9">3499000814</marc:subfield>
   </marc:datafield>
   <marc:datafield ind1=" " ind2=" " tag="300">
      <marc:subfield code="a">32 Seiten</marc:subfield>
   </marc:datafield>
</marc:record>
